书目信息 |
| 题名: |
投篮的技巧
|
|
| 作者: | 郭鼎文 编著 | |
| 分册: | ||
| 出版信息: | 北京 北京体育大学出版社 2003 |
|
| 页数: | 185页 | |
| 开本: | 20cm | |
| 丛书名: | 蓝球小明星丛书 | |
| 单 册: | ||
| 中图分类: | G841.19 | |
| 科图分类: | ||
| 主题词: | 投篮--运动技术 | |
| 电子资源: | ||
| ISBN: | 7-81051-948-4 | |
| 000 | 00618nam2 2200217 45 | |
| 001 | 0401171922 | |
| 005 | 20040419095549.4 | |
| 010 | @a7-81051-948-4@dCNY16.00 | |
| 100 | @a20040117d2003 km y0chiy0120 ea | |
| 101 | 0 | @achi |
| 105 | @aa z 000yy | |
| 200 | 1 | @a投篮的技巧@ATou Lan De Ji Qiao@f郭鼎文编著@FGuo Ding Wen Bian Zhu |
| 210 | @a北京@c北京体育大学出版社@d2003 | |
| 215 | @a185页@c图@d20cm | |
| 225 | @a蓝球小明星丛书 | |
| 410 | @12001 @a蓝球小明星丛书 | |
| 606 | 0 | @a投篮@x运动技术 |
| 690 | @aG841.19@v4 | |
| 701 | 0 | @a郭鼎文@4编著 |
| 801 | @aCN@bTSTCL@c20040117 | |
| 905 | @b331700-704@dG841.19@e144@f5 | |
| 投篮的技巧/郭鼎文编著.-北京:北京体育大学出版社,2003 |
| 185页:图;20cm.-(蓝球小明星丛书) |
| ISBN 7-81051-948-4:CNY16.00 |
| ● |
| 相关链接 |
|
|
|
|
正题名:投篮的技巧
索取号:G841.19/144
 
预约/预借
| 序号 | 登录号 | 条形码 | 馆藏地/架位号 | 状态 | 备注 |
| 1 | 0331700 | 203317008 | 第四借阅区/ [索取号:G841.19/144] | 在馆 | |
| 2 | 0331701 | 203317017 | 第四借阅区/ [索取号:G841.19/144] | 在馆 | |
| 3 | 0331702 | 203317026 | 第四借阅区/ [索取号:G841.19/144] | 在馆 | |
| 4 | 0331703 | 203317035 | 第四借阅区/ [索取号:G841.19/144] | 在馆 | |
| 5 | 0331704 | 203317044 | 第一样本阅览室/ [索取号:G841.19/144] | 在馆 |